000 01182nam a2200241 a 4500
999 _c447383
_d447383
003 BLK
005 20230727123857.0
008 220302b bu |||||r|||| 00| | bu d
040 _aBLK
041 _aBUL
_cBUL
080 _aСелскостопански предприятия според формата на земевладение, според правото на собственост, според методите на управлението - частни стопанства,колективни,колхози,совхози,държавни колективни стопанства
_b631.115
_x(497.215)(062)
_z631.115(497.215)(062)
139 _aСпомени, разкази, очерци, справки
_bС 58
245 _aСпомени, разкази, очерци, справки
_h[Малотир. изд.]
260 _9441842
_aПиргово
_c1987
300 _a84 с.
_bс ил.
_c21 см
380 _a63
500 _aПо случай 40 години ТКЗС- Пригово
651 7 _9179366
_aПиргово
653 7 _9198375
_aТКЗС
852 _bК
_cК 63/С 58
942 _cKNG
_n0
_s1
_01
944 _aCR
_c2022-03-07
_k30556
_lТеодора Пейчева-Дянкова